| 000 | 01049nam a22003257a 4500 | ||
|---|---|---|---|
| 003 | CHAP | ||
| 005 | 20220329133918.0 | ||
| 008 | 971013s1980 r 00010 d | ||
| 010 | _a12608 | ||
| 011 | _a13580 | ||
| 035 | _a17652 | ||
| 040 | _cCHAP | ||
| 090 | _aFolleto 6467 | ||
| 100 | 0 | 0 |
_aBatt, Roy A. L. _910823 |
| 245 | _aInfluences on animal growth and development | ||
| 260 |
_aBaltimore, Md. : _bUniversity Park, _c1980 |
||
| 300 |
_a60 p. _b: ilus. |
||
| 490 |
_aStudies in biology _v; 116 |
||
| 590 |
_aBATCH-UPD _b10 _c20130110 _lUCH01 _h2015 |
||
| 590 |
_aBATCH-UPD _b10 _c20130410 _lUCH01 _h1334 |
||
| 590 |
_aBATCH-UPD _b10 _c20130914 _lUCH01 _h0549 |
||
| 590 |
_aCONVERSION _b10 _c20130109 _lUCH01 _h1308 |
||
| 650 | 1 | 4 |
_aAnimales _xEfecto del medio ambiente. _95860 |
| 650 | 1 | 4 |
_aFisiologĂa animal. _941131 |
| 830 | 0 |
_aStudies in biology _v; 116 _9110061 |
|
| 901 | _aBK | ||
| 942 | _cFOLL | ||
| 949 |
_aFolleto 6467 _bBC _cFOLL _d-41499 _eTS1 _i17652 _si _t200.00 |
||
| 949 |
_aFolleto 6467 _bBC _cFOLL _d-41500 _eTS2 _fc.2 _i17652 _si _t200.00 |
||
| 999 |
_c12608 _d12608 |
||